000 00595nam a2200205 a 4500
999 _c10352
_d10352
003 BD-JhCC
005 20221115134023.0
008 180424s20052017xxu |||| |||| 000 0 ben d
020 _a9788177564806
035 _a(BD-JhCC)
040 _aBD-JhCC
_dBD-JhCC
041 _aeng
082 _a891.44
_bROY 2017
100 _a রায়, সত্যজিৎ
245 _aফেলুদা সমগ্র /
_cসত্যজিৎ রায়
260 _aঢাকা :
_bআনন্দ,
_c২০১৭.
300 _av 2 :
_c22 cm.
650 _aDetective novel
942 _2ddc
_cBK
_066